000 00453cam a22001571 4500
082 _a671.59
_bRIV
_cL-17, P-49
110 2 _aAluminum Company of America.
_945052
245 1 0 _aRiveting Alcoa aluminum.
260 _aPittsburgh,
_bAluminum Company of America
_c[c1948]
300 _a61 p.
526 _a0
_b0
_c0
_d671_590000000000000_RIV
650 0 _aAluminum.
_943001
650 0 _aMCE
_9379
650 0 _aRivets and riveting.
_945053
942 _2ddc
_cBK
999 _c548663
_d548663